Písek

Main Author: Šechtlová, Marie, 1928-2008
Other Authors: Noha, Jan, 1908-1966
Language: Czech
Published: Praha : Orbis, 1963
Physical Description: 12 fotografií v obalu : čb. ; 15 x 11 cm + 2 příl. ([8] s.)
Photo
Saved in:
LEADER 00744nkm a22002172a 4500
001 000961983
003 CZ BrMZK
005 20091222124011.0
007 kf bo
008 090821s1963 xr nnn kncze d
040 |a BOA001  |b cze 
100 1 |a Šechtlová, Marie,  |d 1928-2008  |7 jk01122711  |4 pht 
245 1 0 |a Písek  |h [grafika] /  |c soubor fotografií Marie Šechtlové 
260 |a Praha :  |b Orbis,  |c 1963 
300 |a 12 fotografií v obalu :  |b čb. ;  |c 15 x 11 cm +  |e 2 příl. ([8] s.) 
500 |a Autor textu na příl. Jan Noha 
700 1 |a Noha, Jan,  |d 1908-1966  |7 jk01090222  |4 wfw 
910 |a BOA001  |b 1-0493.334 
990 |a GP 
991 |b 200908 
996 6 |b 2619299345  |c 1-0493.334  |l MZK  |r Sklad / do 1 hodiny  |n 1  |w 000961983  |u 000010  |a 1  |e BOA001  |j MZK50  |s P